| 000 | 04774cam a22007814i 4500 | ||
|---|---|---|---|
| 001 | u53669 | ||
| 003 | PE-LiUPU | ||
| 005 | 20250731180154.0 | ||
| 008 | 150623s1997 mx a r 001 0 spa d | ||
| 020 | _a9789682613098 | ||
| 035 | _a(Sirsi) i9789682613098 | ||
| 040 |
_aPE-LiUPU _bspa _cPE-LiUPU _erda |
||
| 049 | _aPRUA | ||
| 082 | 0 | 4 |
_a541.3 _bL18 |
| 100 | 1 |
_aLaider, Keith J., _eautor. |
|
| 245 | 1 | 0 |
_aFisicoquímica / _cKeith James Laidler, John H. Meiser. |
| 250 | _aPrimera edición en español. | ||
| 264 | 1 |
_aMéxico : _bGrupo Editorial Patria, _c1997. |
|
| 300 |
_axvii, 987 páginas : _bilustraciones ; _c27 centímetros |
||
| 336 |
_atext _2rdacontent |
||
| 337 |
_aunmediated _2rdamedia |
||
| 338 |
_avolume _2rdacarrier |
||
| 504 | _aIncluye Índice. | ||
| 505 | 0 | _aLa naturaleza de la fisicoquímica y la teoría cinética de los gases -- La primera ley de la termodinámica -- La segunda y tercera leyes de la termodinámica -- Equilibrio químico -- Fases y soluciones -- Equilibrio de fases -- Disoluciones de electrólitos -- Celdas electroquímicas -- Cinética química I: conceptos fundamentales -- Cinética química II: mecanismos compuestos -- Mecánica cuántica y estructura atómica -- Enlace químico -- Fundamentos de la espectroscopia química -- Algunas aplicaciones modernas de la espectroscopia -- Estadística molecular -- El estado sólido -- El estado líquido -- Química de superficie y coloides -- Propiedades de transporte -- Macromoléculas; Apéndices. | |
| 526 | _aSEG44 | ||
| 526 | _aSEG26 | ||
| 526 | _aP159 | ||
| 526 | _aP155 | ||
| 526 | _aP154 | ||
| 526 | _aP153 | ||
| 526 | _aP150 | ||
| 526 | _aP100 | ||
| 526 | _aP31 | ||
| 526 | _aP30 | ||
| 526 | _aP26 | ||
| 526 | _aP25 | ||
| 526 | _aP24 | ||
| 526 | _aP22 | ||
| 526 | _aP15 | ||
| 526 | _aP10 | ||
| 541 | _g001-0035385; | ||
| 541 | _g001-0036246; | ||
| 541 | _g001-0039187; | ||
| 541 | _g015-0016192; | ||
| 596 | _a1 2 3 | ||
| 650 | 1 | 4 | _aFisicoquímica. |
| 650 | 1 | 4 | _aQuímica física y teórica. |
| 700 | 1 |
_aMeiser, John H., _eautor. |
|
| 910 |
_agl _b _cbd _d20140202 |
||
| 910 |
_agl _bjv _cng _d20120413 |
||
| 910 |
_ardg _bjck _crdg _d20150623 |
||
| 942 |
_2ddc _cBOOK |
||
| 994 |
_aC0 _bPEPRU |
||
| 949 |
_a541.3 L18 _wDEWEY _c1 _i64976 _e2017-4-24 _f2018-2-12 _g4 _lCCODEBUL1 _mBUL _n1 _p32.00 _r0 _sY _tBOOK _u2012-4-13 _xINGENIERIA _PP24 _0COMPRA _o.STAFF. Colección General |
||
| 949 |
_a541.3 L18 _wDEWEY _c1 _iFT03027 _d2017-10-16 _e2017-10-16 _lCCODEBUT1 _mBUT _n1 _p36.82 _r0 _sY _tBOOK _u2015-6-23 _xINGENIERIA _PP24 _0COMPRA _o.STAFF. Colección General |
||
| 949 |
_a541.3 L18 _wDEWEY _c2 _i65637 _e2017-3-12 _f2018-2-12 _g4 _lCCODEBUL1 _mBUL _n2 _p32.00 _r0 _sY _tBOOK _u2012-4-13 _xINGENIERIA _PP24 _0COMPRA _o.STAFF. Colección General |
||
| 949 |
_a541.3 L18 _wDEWEY _c3 _i69171 _f2018-2-9 _g4 _lFIA2 _mBUL _p39.00 _r0 _sY _tBOOK _u2012-4-13 _xINGENIERIA _PP24 _0COMPRA _o.STAFF. Colección General |
||
| 949 |
_a541.3 L18 _wDEWEY _c4 _i70214 _d2018-4-24 _e2018-4-22 _f2018-2-12 _g4 _lCCODEBUL1 _mBUL _n1 _p46.00 _q1 _r0 _sY _tBOOK _u2012-4-13 _xINGENIERIA _PP24 _0COMPRA _o.STAFF. Colección General |
||
| 949 |
_a544.075 L17 2011 _wDEWEY _c1 _iFJ05629 _lCCODEBUJ1 _mBUJ _n1 _p30.00 _r0 _sY _tBOOK _u2017-1-19 _xINGENIERIA _PP26 _0COMPRA _o.STAFF. Colección General Juliaca |
||
| 999 |
_a541.3 L18 _wDEWEY _c56381 _i64976 _e2017-4-24 _f2021-11-5 _g7 _lCCODEBUL1 _mBUL _n1 _p32.00 _r0 _sY _tBOOK _u2012-4-13 _xBIBLIOTECA _PP24 _0COMPRA _o.STAFF. Colección General _d56381 |
||
| 999 |
_a541.3 L18 _wDEWEY _c2 _i65637 _e2017-3-12 _f2021-11-5 _g7 _lCCODEBUL1 _mBUL _n2 _p32.00 _r0 _sY _tBOOK _u2012-4-13 _xBIBLIOTECA _PP24 _0COMPRA _o.STAFF. Colección General |
||
| 999 |
_a541.3 L18 _wDEWEY _c3 _i69171 _d2022-3-2 _f2021-11-5 _g7 _lCCODEBUL1 _mBUL _p39.00 _q2 _r0 _sY _tBOOK _u2012-4-13 _xBIBLIOTECA _PP24 _0COMPRA _o.STAFF. Colección General |
||
| 999 |
_a541.3 L18 _wDEWEY _c4 _i70214 _d2020-1-31 _e2020-1-26 _f2021-11-9 _g7 _lCCODEBUL1 _mBUL _n3 _p46.00 _q1 _r0 _sY _tBOOK _u2012-4-13 _xINGENIERIA _PP24 _0COMPRA _o.STAFF. Colección General |
||
| 999 |
_a541.3 L18 _wDEWEY _c1 _iFT03027 _d2017-10-16 _e2017-10-16 _f2019-2-20 _g1 _lCCODEBUT1 _mBUT _n1 _p36.82 _r0 _sY _tBOOK _u2015-6-23 _xINGENIERIA _PP24 _0COMPRA _o.STAFF. Colección General |
||
| 999 |
_a544.075 L17 2011 _wDEWEY _c1 _iFJ05629 _d2018-11-14 _e2017-8-22 _f2022-1-19 _g4 _lCCODEBUJ1 _mBUJ _n1 _p30.00 _q1 _r0 _sY _tBOOK _u2017-1-19 _xINGENIERIA _PP26 _0COMPRA _o.STAFF. Colección General Juliaca |
||
| 980 |
_81 _gALBERTO SANCHEZ Responsable de Automatización |
||